Ecologia y manejo adaptativo de los ecosistemas acuátivos de origen antrópico en las sabanas inundables de Orocué (Casanare) (Registro nro. 7789)

Detalles MARC
000 -CABECERA
Campo de control 01081nam a22002297a 4500
005 - FECHA Y HORA DE LA ULTIMA TRANSACCION
Campo de control 20180803165510.0
008 - ELEMENTOS DE LONGITUD FIJA—INFORMACION GENERAL
Campo de control 131113b2011 ck ||||| |||| 00| 0 spa d
040 ## - FUENTE DE CATALOGACIÓN
Agencia transcriptora CO-BoIH
Agencia catalogadora original CO-BoIAVH
041 ## - IDIOMA
Código de idioma para texto/pista de sonido o título separado Español
044 ## - PAÍS DE PUBLICACIÓN
País de publicación Colombia
090 ## - CLASIFICACIÓN LOCAL
Colección IAVH
Consecutivo 01484
245 ## - MENCION DE TITULO
Título Ecologia y manejo adaptativo de los ecosistemas acuátivos de origen antrópico en las sabanas inundables de Orocué (Casanare)
260 ## - PUBLICACION, DISTRIBUCION, ETC. (PIE DE IMPRENTA)
Lugar de publicación, distribución, etc. Bogotá
Nombre del editor, distribuidor, etc. Colciencias
-- Pontificia Universidad Javeriana - Facultad de Estudios Ambientales y Rurales
-- Instituto de Investigación de Recursos Biológicos Alexander von Humboldt
Fecha de publicación, distribución, etc. 2011
300 ## - DESCRIPCION FISICA
Extensión 125 p.
Otros detalles físicos il., tablas
Dimensiones 28 cm.
500 ## - NOTA GENERAL
Nota general Informe técnico Final.<br/>Convocatoria 452/2008 Programa nacional de Ciencias del Medio Ambiente y del Habitat.<br/>Colciencias - Pontificia Universidad Javeriana
650 ## - ASIENTO SECUNDARIO DE MATERIA - TERMINO TEMATICO
Término temático o nombre geográfico como elemento de entrada Ecología
650 ## - ASIENTO SECUNDARIO DE MATERIA - TERMINO TEMATICO
Término temático o nombre geográfico como elemento de entrada Ecosistemas acuáticos
Subdivisión geográfica Orocué (Casanare)
700 ## - ASIENTO SECUNDARIO - NOMBRE PERSONAL
Nombre personal Ariza-Ramirez, Alma Isabel
700 ## - ASIENTO SECUNDARIO - NOMBRE PERSONAL
Nombre personal Baez-Sandoval, Diana Patricia
700 ## - ASIENTO SECUNDARIO - NOMBRE PERSONAL
Nombre personal Baptiste-Ballera, Brigitte L. G.
942 ## - ELEMENTOS ADICIONALES (KOHA)
Sistema de clasificación Local
Tipo de ítem Informe Técnico
Koha issues (borrowed), all copies 3
Existencias
Withdrawn status Lost status Sistema de Clasificación Damaged status No para préstamo Colección Inventariado Ubicación Permanente Ubicación actual Fecha de adquisición Total Checkouts Total Renewals Número topográfico Inventario / Código de Barras Date last seen Date checked out Ejemplar Price effective from Forma de adquisición Tipo de material
    Local     Humboldt Inventariado 2017 Bogotá Bogotá 13/11/2013 3 1 IAVH-01484 059270 09/08/2024 03/02/2015 Ej. 1 13/11/2013   Informe Técnico